000 00454nam a2200181Ia 4500
005 20240823063044.0
008 240823s9999||||xx |||||||||||||| ||und||
041 _aENGLISH
082 _A621.3 N5
100 _aDhogal P S
245 0 _aBasic Electrical Engineering with numerical problems Vol.1
250 _a1st
260 _c1995
_b"TMH,New Delhi"
500 _aTRANSFERED
650 _aElectrical
_bElectrical
942 _cBK
999 _c237341
_d237341